| 000 | 00960nam a22001937a 4500 | ||
|---|---|---|---|
| 005 | 20240822144843.0 | ||
| 010 | _aHIN-128295 | ||
| 020 |
_a9789391390600 _c595.00 |
||
| 035 | _aHN-100641 | ||
| 037 | _bDBAD | ||
| 082 | _aक | ||
| 100 |
_aशतपथी,पारमिता _970428 |
||
| 245 |
_aअँधेरे में आँखे/ _cलेखक पारमिता शतपथी और राजेंद्र प्रसाद मिश्र द्वारा अनुवादित |
||
| 260 |
_bप्रलेक प्रकाशन _aनई दिल्ली _c2022 |
||
| 270 |
_aA-107 Jaitpur Extension Part-1 Badarpur, _bNew Delhi _e110044 _mpralek.prakashan@gmail.com _k7021263557 |
||
| 300 |
_a279पृ.; _c22 सेमी (सजिल्द) |
||
| 700 |
_970402 _a राजेंद्र प्रसाद मिश्र द्वारा अनुवादित |
||
| 942 |
_aDPL _cHN _2ddc _hक _mतपथी |
||
| 999 |
_c205206 _d205206 |
||